000
003180000a22001330004500
003
MACL
040
_a
MACL
090
_c
38146
_d
38144
100
_a
Valentine
245
_a
cameos of Literature From Standad Authors
260
_b
Frederick Warne And Co.
_c
1894
650
_a
Rhetoric Collection
942
_c
BOOK
_k
808/VAL
999
_c
37738
_d
37738